Central Library OPAC University of Rajshahi

The Republic of Plato / (Record no. 36347)

MARC details
000 -LEADER
fixed length control field 01160nam a2200325 a 4500
001 - CONTROL NUMBER
control field 36347
003 - CONTROL NUMBER IDENTIFIER
rucl marc code BD-RjUL
005 - DATE AND TIME OF LATEST TRANSACTION
control field 20250901154506.0
008 - FIXED-LENGTH DATA ELEMENTS--GENERAL INFORMATION
fixed length control field 140622r19651963enk 000 0 grc d
020 ## - INTERNATIONAL STANDARD BOOK NUMBER
International Standard Book Number 0521059631 (v.1)
International Standard Book Number 052105964X (v.2)
035 ## - SYSTEM CONTROL NUMBER
System control number CURL 05UH40012991(Lon) from rajwc79
System control number (BD-RjUL)36444
040 ## - CATALOGING SOURCE
Original cataloging agency DLC
Language of cataloging eng
Transcribing agency DLC
Modifying agency BD-RjUL
041 0# - LANGUAGE CODE
Language code of text/sound track or separate title eng
-- grc
082 04 - DEWEY DECIMAL CLASSIFICATION NUMBER
Classification number 321.07
Author mark and year PLR 1965
100 0# - MAIN ENTRY--PERSONAL NAME
Personal name Plato.
9 (RLIN) 110616
245 14 - TITLE STATEMENT
Title The Republic of Plato /
Statement of responsibility, etc. edited with critical notes, commentary and appendices, by James Adam.
250 ## - EDITION STATEMENT
Edition statement 2nd ed.
260 ## - PUBLICATION, DISTRIBUTION, ETC. (IMPRINT)
Place of publication, distribution, etc. Cambridge :
Name of publisher, distributor, etc. Cambridge University Press,
Date of publication, distribution, etc. 1963, [reprinted 1965]
300 ## - PHYSICAL DESCRIPTION
Pagination lviii, 364 p ;
Size 23 cm.
505 0# - FORMATTED CONTENTS NOTE
Formatted contents note Contents: v. 1. Introduction by D.A Rees, Note on the text, and Books I-V (with appendices) -- v. 2. Books VI-X (with appendices), and indexes
600 00 - SUBJECT ADDED ENTRY--PERSONAL NAME
Personal name Plato.
650 #0 - SUBJECT ADDED ENTRY--TOPICAL TERM
Topical term or geographic name as entry element Political science
Form subdivision Early works to 1800.
9 (RLIN) 62154
Topical term or geographic name as entry element Utopias
Form subdivision Early works to 1800.
9 (RLIN) 62155
700 1# - ADDED ENTRY--PERSONAL NAME
Personal name Adam, James,
Dates associated with a name 1860-1907.
Personal name Rees, D. A.
Fuller form of name (David Arthur)
942 ## - ADDED ENTRY ELEMENTS (KOHA)
Source of classification or shelving scheme Dewey Decimal Classification
Koha item type Books
Holdings
Lost status Source of classification or shelving scheme Damaged status Not for loan Collection code Permanent Location Current Location Shelving location Date acquired Source of acquisition Cost, normal purchase price Total Checkouts Full call number Date last seen Copy number Koha item type
  Dewey Decimal Classification     Non-fiction Central Library, University of Rajshahi Central Library, University of Rajshahi   18/11/1969 Zeit. 0.40   321.07 PLR V-1 1965 22/06/2014 C-2 Books
  Dewey Decimal Classification   Not For Loan Non-fiction Central Library, University of Rajshahi Central Library, University of Rajshahi Reading Room 18/11/1969 Zeitlinger 45.00   321.07 PLR V-2 1965 12/12/2016 C-1 Books
  Dewey Decimal Classification     Non-fiction Central Library, University of Rajshahi Central Library, University of Rajshahi General Stacks 18/11/1969 Swets & Zeitlinger 0.40   321.07 PLR 1965 01/09/2025 C-1 Books